Informe del C. Lic. Eduardo Vasconcelos, gobernador del Estado, rendido ante la XL legislatura

Detalles Bibliográficos
Autor principal: Vasconcelos, Eduardo
Formato: Libro
Lenguaje:Spanish
Publicado: Oaxaca : Talleres Gráficos del Gobierno del Estado.- Oax., 1947.
Materias:
Colección:Banco de datos
Acervo:Universidad Autónoma Benito Juárez de Oaxaca. Biblioteca Francisco de Burgoa. Colección moderna
Descripción Física:75 p. ; 19.5 cm.
Tema general:Política
Notas:Portada tipográfica con el escudo nacional mexicano y pleca. Texto a renglón seguido con paginación en números arábigos. Incluye viñeta final. Encuadernación en papel
LEADER 00842nam a22001690004500
035 |a 977 
041 0 |a spa 
100 1 |a Vasconcelos, Eduardo 
245 1 0 |a Informe del C. Lic. Eduardo Vasconcelos, gobernador del Estado, rendido ante la XL legislatura 
260 |a Oaxaca : Talleres Gráficos del Gobierno del Estado.- Oax., 1947. 
300 |a 75 p. ; 19.5 cm.  
500 |a Portada tipográfica con el escudo nacional mexicano y pleca. Texto a renglón seguido con paginación en números arábigos. Incluye viñeta final. Encuadernación en papel  
650 1 0 |a Política 
852 |a Universidad Autónoma "Benito Juárez" de Oaxaca, Biblioteca Francisco de Burgoa, Colección moderna 21003 
942 |c BURMOD 
943 |g Universidad Autónoma Benito Juárez de Oaxaca. Biblioteca Francisco de Burgoa. Colección moderna 
999 |c 1125420  |d 1125420